Uso de modelos estadísticos para la estimación de tasas de desocupación en dominios pequeños (Registro nro. 29090)

Detalles MARC
000 -LEADER
fixed length control field 00448 a2200133 4500
001 - CONTROL NUMBER
control field ART_26198
005 - DATE AND TIME OF LATEST TRANSACTION
control field 20260410161936.0
008 - FIXED-LENGTH DATA ELEMENTS--GENERAL INFORMATION
fixed length control field 260409a
100 1# - MAIN ENTRY--PERSONAL NAME
Personal name Hachuel, Leticia Susana
245 10 - TITLE STATEMENT
Title Uso de modelos estadísticos para la estimación de tasas de desocupación en dominios pequeños
700 1# - ADDED ENTRY--PERSONAL NAME
Personal name Boggio, Gabriela Susana
700 1# - ADDED ENTRY--PERSONAL NAME
Personal name Cuesta, Cristina Beatriz
773 0# - HOST ITEM ENTRY
Title SaberEs
Related parts - Nº 1 (jun. 2009)
Record control number REV26089

No hay ítems disponibles.